000 00301 a2200157 4500
001 188325
020 _a
040 _cMagnum
100 _aNeves, Elza Aguiar
240 1 0 _aReno
_lpor
245 1 0 _aReno
300 _a38
362 0 _a2003
697 _aLITERATURA INFANTO-JUVENIL
942 _cBK
999 _c188325
_d188325